00685 2200241 4500001002100000005001500021035002000036007000300056008004100059020002200100082001000122084001600132100001500148245012500163250001000288260004200298300002300340650001400363700002200377700002200399990001100421990001100432INLIS00000000000294720190119105106 a0010-0119000299ta190119 g 0 ind  a978-602-5868-01-6 a153.8 a153.8 MAU g0 aMAURUS, J.1 aGrow Old Gracefully :bHidup Bahagia Sampai Tua /cJ. Maurus; penerjamah, Susilawati Hamsa, penyunting, Zulkarnaen Ishak acet.1 aYogyakarta :bBright Publisher,c2018 a144 hlm. ;c20 cm. aPSIKOLOGI0 aSUSILAWATI, Hamsa0 aZULKARNAEN, Ishak a6369 a a6369 b